000 00891cab a2200277 4500
001 ABS52456
008 090401t1994 xxu||||| |||| 00| 0 eng d
035 _a(Sirsi) u79334
041 _aeng
100 _aGower, S.M.
245 4 _aThe funding of, and investment in, British science parks
260 _c1994
350 _a0
490 _aJournal of Property Finance
_v5(3) (1994), 7-18(12)
520 _aIdentifies the reasons for the lack of private sector funding of science parks in a study of the growth and performance of science parks.
650 _aFUNDING
650 _aINVESTMENT MARKET
650 _aINVESTMENT PERFORMANCE
650 _aPRIVATE SECTOR
650 _aPUBLIC SECTOR
650 _aSCIENCE PARKS
690 _aPROPERTY-COMMERCIAL PROPERTY-COMMERCIAL PROPERTY FINANCE AND INVESTMENT
700 _aHarris, F.C.
942 _n0
948 _c04/03/1997
999 _c49860
_d49860